| 000 | 00933naa a22002657u 4500 | ||
|---|---|---|---|
| 001 | 07772 | ||
| 003 | HDC | ||
| 007 | cr bn ---aaaaa | ||
| 008 | 210103t200107 cc 000 0 eng | ||
| 040 | _aHDC | ||
| 245 | 0 |
_aFFTC Research Highlights : _bDiagnosis of Nitrogen Fertility to Find Nitrogen Fertilizer Requirements of Leafy Vegetables |
|
| 260 |
_aTaiwan : _bFFTC Research Highlights, _c2001 |
||
| 300 | _a2 pages | ||
| 336 |
_atext _2rdacontent |
||
| 337 |
_acomputer _2rdamedia |
||
| 338 |
_aonline resource _2rdacarrier |
||
| 520 | _aVarious titles inside | ||
| 650 |
_aOrganic fertilizers. _98318 |
||
| 650 |
_aSoil conditioners. _98317 |
||
| 650 |
_aSustainable agriculture _91662 |
||
| 856 | _zRequest full-text at [email protected] | ||
| 942 | _2lcc | ||
| 942 | _cEIJ | ||
| 942 | _kEMAG 000046 | ||
| 999 |
_c5095 _d5095 |
||